[Event "TC Hartwell Memorial"]
[Site "Twin Falls, ID"]
[Date "2006.05.27"]
[Round "2.3"]
[White "Porth, Adam"]
[Black "Barkell, Kenrick Cameron"]
[Result "0-1"]
[WhiteElo "575"]
[BlackElo "1728"]

1. e4 c5 2. Nc3 e6 3. Nf3 Nc6 4. g3 Nf6 5. h3 d5 6. exd5 exd5 7. d3 Be7 8. a3
a6 9. Ne2 b5 10. Bg2 Bb7 11. O-O d4 12. Nh4 Nd5 13. Nf5 Bf6 14. Re1 O-O 15.
Bh6 gxh6 16. Nxh6+ Kh8 17. Be4 Bg5 18. Nf5 Nde7 19. h4 Nxf5 20. Bxf5 Bxh4 21.
Nf4 Rg8 22. Qh5 Rg7 23. Ng2 Qg5 24. Qf3 Bxg3 25. Kf1 Bxf2 26. Re2 Be3 27. Qh3
Qf4+ 28. Ke1 Qg3+ 29. Kd1 Qxh3 30. Bxh3 Rg3 31. Bf5 Ne5 32. Be4 Bxe4 33. dxe4
Nc4 34. c3 d3 35. Re1 Nxb2# 0-1

[Event "TC Hartwell Memorial"]
[Site "Twin Falls, ID"]
[Date "2006.05.27"]
[Round "3.2"]
[White "Barkell, Kenrick Cameron"]
[Black "Bartell, Fred"]
[Result "1-0"]
[WhiteElo "1728"]
[BlackElo "1853"]

1. e4 e5 2. Nc3 Nf6 3. Nf3 Nc6 4. d4 exd4 5. Nxd4 Bc5 6. Be3 Nxd4 7. Bxd4 Bxd4
8. Qxd4 O-O 9. Bc4 d6 10. O-O Be6 11. Rad1 a6 12. e5 dxe5 13. Qxe5 Nd7 14. Qf4
Qf6 15. Qxf6 Nxf6 16. Bxe6 fxe6 17. Rfe1 Rfe8 18. Ne4 Nxe4 19. Rxe4 Rad8 20.
Red4 Rxd4 21. Rxd4 Re7 22. Kf1 Kf7 23. Ke2 e5 24. Rd3 g6 25. Ke3 Kf6 26. Ke4
c6 27. f3 h5 28. h4 Ke6 29. b4 Rf7 30. g3 Rg7 31. Rd8 Ke7 32. Rb8 Kd6 33. Re8
g5 34. Rxe5 gxh4 35. gxh4 Rh7 36. c4 b6 37. a4 Rh8 38. f4 Rh6 39. Rg5 Re6+ 40.
Kd4 Rh6 41. f5 b5 42. Rg6+ Rxg6 43. fxg6 Ke6 44. axb5 cxb5 45. cxb5 {#r} 1-0

[Event "TC Hartwell Memorial"]
[Site "Twin Falls, ID"]
[Date "2006.05.28"]
[Round "4.1"]
[White "Reynolds, Garrett"]
[Black "Barkell, Kenrick Cameron"]
[Result "1/2-1/2"]
[WhiteElo "1963"]
[BlackElo "1728"]

1. e4 c5 2. Nf3 d6 3. d4 cxd4 4. Nxd4 Nf6 5. Nc3 g6 6. f3 Bg7 7. Be3 Nc6 8.
Qd2 Bd7 9. O-O-O a6 10. Bc4 b5 11. Bb3 b4 12. Nxc6 Bxc6 13. Nd5 Bxd5 14. Bxd5
Nxd5 15. Qxd5 O-O 16. h4 Qc7 17. Qd3 a5 18. Bd4 Bxd4 19. Qxd4 Rfc8 20. Rd2 Ra6
21. g4 Rc6 22. Rhh2 Rc4 23. Qe3 Qc5 24. Qxc5 R8xc5 25. h5 a4 26. hxg6 hxg6 27.
Kb1 b3 28. a3 bxc2+ 29. Rxc2 Kg7 30. Rxc4 Rxc4 31. Rc2 Rd4 32. Rc3 Kf6 33. Kc2
e5 34. Rd3 Rc4+ 35. Rc3 Rd4 36. Rd3 {#d} 1/2-1/2

[Event "WIO (Open)"]
[Site "Boise, ID"]
[Date "2006.12.09"]
[Round "1.4"]
[White "Barkell, Kenrick Cameron"]
[Black "Nahlen, John P"]
[Result "1-0"]
[WhiteElo "1735"]
[BlackElo "1363"]

1. e4 e6 2. d4 d5 3. exd5 exd5 4. c4 Nf6 5. Nc3 Nc6 6. cxd5 Nxd5 7. Nf3 Bf5 8.
a3 Be7 9. Qb3 Nb6 10. d5 Nb8 11. Bb5+ N8d7 12. O-O O-O 13. Be3 Nf6 14. Rad1
Bg4 15. Be2 Bd6 16. Bg5 h6 17. Bh4 Re8 18. Rfe1 Nbd7 19. Nd4 g5 20. Bg3 Nc5
21. Qc2 Qd7 22. Bxd6 Qxd6 23. f3 Bd7 24. b4 Na6 25. Bb5 Re5 26. Bxd7 Nxd7 27.
Nf5 Qf6 28. Rxe5 Nxe5 29. d6 Rd8 30. b5 Nc5 31. dxc7 Rc8 32. Nd5 Qe6 33. Nfe7+
Kg7 34. Nxc8 Ncd3 35. Nce7 Nb2 36. Qxb2 f6 37. c8=Q Nd3 38. Qxf6+ Qxf6 39.
Qg8# 1-0

[Event "WIO (Open)"]
[Site "Boise, ID"]
[Date "2006.12.09"]
[Round "2.1"]
[White "Johnson, Paul M"]
[Black "Barkell, Kenrick Cameron"]
[Result "0-1"]
[WhiteElo "2031"]
[BlackElo "1735"]

1. d4 d5 2. Nf3 Bf5 3. g3 e6 4. Bg2 c5 5. O-O Nc6 6. b3 Nf6 7. Bb2 Be7 8. Nbd2
Rc8 9. c4 O-O 10. Re1 Ne4 11. e3 Nb4 12. Re2 Nd3 13. Nxe4 Nxb2 14. Rxb2 Bxe4
15. Rc1 cxd4 16. cxd5 Rxc1 17. Qxc1 Ba3 18. dxe6 Bxb2 19. Qxb2 dxe3 {#R} 0-1

[Event "WIO (Open)"]
[Site "Boise, ID"]
[Date "2006.12.09"]
[Round "3.2"]
[White "Barkell, Kenrick Cameron"]
[Black "Reynolds, Garrett"]
[Result "1/2-1/2"]
[WhiteElo "1735"]
[BlackElo "1923"]

1. e4 c5 2. Nc3 Nc6 3. Nf3 e6 4. d4 cxd4 5. Nxd4 Nf6 6. Bg5 Qa5 7. Bxf6 gxf6
8. a3 Qe5 9. Nxc6 bxc6 10. Be2 Rb8 11. Qc1 f5 12. exf5 Qxf5 13. O-O Bg7 14.
Nd1 Qd5 15. c3 Bb7 {#d} 1/2-1/2

[Event "WIO (Open)"]
[Site "Boise, ID"]
[Date "2006.12.10"]
[Round "5.1"]
[White "Barkell, Kenrick Cameron"]
[Black "Roland, Jeffrey T"]
[Result "1/2-1/2"]
[WhiteElo "1735"]
[BlackElo "1706"]

1. e4 e6 2. d4 d5 3. Nc3 dxe4 4. Nxe4 Nd7 5. Nf3 Ngf6 6. Bg5 Be7 7. Nxf6+ Nxf6
8. c3 O-O 9. Bd3 c5 10. Qc2 cxd4 11. Nxd4 g6 12. h4 Kg7 13. Qd2 Ng8 14. Be3 f5
15. Nf3 h6 16. h5 g5 17. Ne5 Qd5 18. Bd4 Bf6 19. Bc4 Qe4+ 20. Qe3 Qxe3+ 21.
fxe3 Ne7 22. O-O-O Kh7 23. Rhf1 Nd5 24. Bxd5 Bxe5 25. Bxe5 exd5 26. Rxd5 Be6
27. Rc5 Rad8 28. b3 Rd7 {#d} 1/2-1/2

[Event "Idaho Closed"]
[Site "Boise, ID"]
[Date "2007.02.17"]
[Round "1.9"]
[White "Barkell, Kenrick Cameron"]
[Black "Jiang, Robert Z"]
[Result "1-0"]
[WhiteElo "1775"]
[BlackElo "834"]

1. e4 e5 2. Nf3 Nc6 3. Bc4 Nf6 4. Ng5 d5 5. exd5 Nxd5 6. Nxf7 Kxf7 7. Qf3+ Ke6
8. Nc3 Ke7 9. Nxd5+ Kd6 10. c3 Be6 11. O-O Kd7 12. Re1 Ke8 13. d4 Bd6 14.
Nxc7+ Qxc7 15. Bxe6 Rf8 16. Qg4 Qe7 17. Bg5 Qc7 18. Qh5+ g6 19. Qg4 h5 20. Qe4
Rb8 21. Qxg6+ Rf7 22. Bxf7+ Qxf7 23. Qxd6 Rd8 24. Bxd8 Nxd8 25. Rxe5+ Ne6 26.
Rxe6+ Qxe6 27. Qxe6+ Kd8 28. Qf7 Kc8 29. Re1 Kb8 30. Re8# 1-0

[Event "Idaho Closed"]
[Site "Boise, ID"]
[Date "2007.02.17"]
[Round "2.7"]
[White "Blackwell, Charles"]
[Black "Barkell, Kenrick Cameron"]
[Result "0-1"]
[WhiteElo "1444"]
[BlackElo "1775"]

1. e4 c5 2. Nf3 Nc6 3. d4 cxd4 4. Nxd4 g6 5. Nc3 Bg7 6. Nb3 d6 7. Bg5 a6 8. f4
Bd7 9. Qf3 b5 10. O-O-O Nf6 11. h3 b4 12. Nd5 Nxd5 13. Rxd5 a5 14. Rxd6 f6 15.
Bxf6 Bxf6 16. Rd2 Qb6 17. Bc4 a4 18. e5 axb3 19. Bxb3 Bg5 20. Qd5 O-O-O 21.
Qf3 Nd4 22. Rxd4 Qxd4 23. Rd1 Qb6 24. e6 Bc6 25. Bd5 Bxd5 26. Rxd5 Qg1+ 27.
Kd2 Rxd5+ 28. Qxd5 {#R} 0-1

[Event "Idaho Closed"]
[Site "Boise, ID"]
[Date "2007.02.18"]
[Round "3.2"]
[White "Barkell, Kenrick Cameron"]
[Black "Johnson, Paul M"]
[Result "0-1"]
[WhiteElo "1775"]
[BlackElo "2015"]

1. e4 e6 2. d4 d5 3. exd5 exd5 4. c4 Bb4+ 5. Nc3 Qe7+ 6. Be3 Nf6 7. h3 c5 8.
Nf3 Nc6 9. Be2 dxc4 10. Bxc4 O-O 11. O-O Rd8 12. a3 Ba5 13. Re1 cxd4 14. Nxd4
Qf8 15. Re2 Bf5 16. Rd2 Nxd4 17. Bxd4 Ne4 18. Nxe4 Bxd2 19. Bc5 Qe8 20. Nd6
Rxd6 21. Bxd6 Bg5 22. Bb4 Bf6 23. Qb3 Rd8 24. g4 Bg6 25. Re1 Qd7 26. f4 Bd4+
27. Kf1 h5 28. f5 Bh7 29. Re7 Qc6 30. Bxf7+ Kh8 31. Bd2 hxg4 32. Qxb7 Qxb7 33.
Rxb7 gxh3 34. Bg6 Bg8 35. Bf4 Bd5 36. Rb8 Rxb8 37. Bxb8 Bc4+ 38. Ke1 Bg1 39.
Kd2 h2 40. Bxh2 Bxh2 41. Kc3 Be2 42. b3 Bg1 43. a4 Kg8 44. Kb4 Kf8 45. Bh7 Ke7
46. Ka5 Bb6+ 47. Kb4 a5+ 48. Kc3 Bc5 49. Kb2 Kd6 50. Bg6 Ke5 51. Kc3 Bb4+ 52.
Kc2 {#R} 0-1

[Event "Idaho Closed"]
[Site "Boise, ID"]
[Date "2007.02.18"]
[Round "4.6"]
[White "Stark, Jim"]
[Black "Barkell, Kenrick Cameron"]
[Result "0-1"]
[WhiteElo "1454"]
[BlackElo "1775"]

1. d4 d5 2. c4 c6 3. Nc3 Nf6 4. e3 Bf5 5. Nf3 g6 6. cxd5 cxd5 7. Bb5+ Nc6 8.
Ne5 Qb6 9. Qa4 Rc8 10. Qb3 e6 11. Bxc6+ bxc6 12. Qxb6 axb6 13. O-O Bg7 14. Na4
b5 15. Nc5 Ne4 16. Nxe4 Bxe4 17. f3 Bf5 18. Rd1 Bxe5 19. dxe5 g5 20. g4 Bg6
21. Bd2 Ke7 22. Rac1 c5 23. e4 h6 24. exd5 exd5 25. b4 c4 26. Bc3 Ke6 27. Rd2
Rhd8 28. Rf1 Bd3 29. Rff2 d4 30. Ba1 Kxe5 31. Rd1 Kf4 32. Bb2 Ke5 33. Re1+ Kd5
34. Re7 Bg6 35. Bc1 c3 36. f4 gxf4 37. Bxf4 c2 38. Bc1 Kc4 39. a3 d3 40. Kf1
Kc3 41. Rf3 Kb3 42. Ke1 Re8 43. Rfe3 Rxe7 44. Rxe7 h5 45. g5 Rc4 46. h3 h4 47.
Re5 Re4+ 48. Rxe4 Bxe4 49. Kf2 Kc3 50. Ke3 Bg2 51. a4 bxa4 52. b5 Bxh3 53. b6
Bc8 {#R} 0-1

[Event "Idaho Closed"]
[Site "Boise, ID"]
[Date "2007.02.19"]
[Round "5.5"]
[White "Barkell, Kenrick Cameron"]
[Black "Seiniger, Sam"]
[Result "1-0"]
[WhiteElo "1775"]
[BlackElo "1576"]

1. e4 e5 2. Nf3 Nc6 3. Bc4 Bc5 4. c3 Nf6 5. d4 exd4 6. cxd4 Bb4+ 7. Bd2 Bxd2+
8. Nbxd2 d5 9. exd5 Nxd5 10. O-O O-O 11. Nb3 Bg4 12. h3 Bxf3 13. Qxf3 Nb6 14.
Qc3 Nxc4 15. Qxc4 Qd6 16. Rac1 Rfd8 17. Rfd1 Qd5 18. Qa4 a6 19. Rc5 Qd6 20.
Qc4 Rd7 21. Rh5 Qg6 22. Rh4 Ne5 23. Qc3 Qg5 24. Re4 Nc6 25. Nc5 Qd5 26. Rg4
Re7 27. Nxb7 Rb8 28. Nc5 Rb6 29. a3 Qh5 30. Qf3 f5 31. Rxg7+ {#r} 1-0

[Event "Idaho Closed"]
[Site "Boise, ID"]
[Date "2007.02.19"]
[Round "6.1"]
[White "Morrow, Hans M"]
[Black "Barkell, Kenrick Cameron"]
[Result "1-0"]
[WhiteElo "1936"]
[BlackElo "1775"]

1. d4 d5 2. c4 Nf6 3. Nc3 Bf5 4. Nf3 c6 5. e3 Nbd7 6. Be2 Qc7 7. h3 Rd8 8. Bd2
e5 9. dxe5 Nxe5 10. Nxe5 Qxe5 11. Qb3 Qc7 12. cxd5 Nxd5 13. Nxd5 Rxd5 14. Rc1
Rd7 15. Bc3 f6 16. Bg4 Bxg4 17. hxg4 h6 18. Qe6+ Be7 19. Bb4 Rd5 20. Bxe7 Qxe7
21. Qxe7+ Kxe7 22. Ke2 Rhd8 23. Rc2 a5 24. b3 R8d6 25. Rhc1 Kd7 26. g3 b5 27.
a4 Kc7 28. axb5 Rxb5 29. Rc3 Kb6 30. e4 Rb4 31. f3 Rbd4 32. Ke3 Rd1 33. Rxc6+
Rxc6 34. Rxd1 Kb5 35. Rd3 Kb4 36. Kd2 Ka3 37. Rc3 Rd6+ 38. Kc2 Rb6 39. Rc5 Kb4
40. Rc7 Ka3 41. Rc3 g6 42. f4 Rb4 43. Rc5 Rxb3 44. Rxa5+ Kb4 45. Rb5+ Kxb5 46.
Kxb3 Kc5 47. Kc3 Kd6 48. Kd4 Ke6 49. f5+ Kf7 50. Kd5 gxf5 51. gxf5 h5 52. Kd6
{#r} 1-0

[Event "Idaho Scholastic Girls Ch"]
[Site "Boise, ID"]
[Date "2007.02.24"]
[Round "1.1"]
[White "Barkell, Erica Dawn"]
[Black "Hill, Selaah R"]
[Result "1-0"]
[WhiteElo "1325"]
[BlackElo "548"]

1. e4 e5 2. Nf3 d6 3. Bc4 Be6 4. Bxe6 fxe6 5. d4 exd4 6. Nxd4 e5 7. Ne6 Qd7 8.
Ng5 h6 9. Qh5+ Qf7 10. Qxf7+ Kd8 11. Ne6+ Kc8 12. Qxc7# 1-0

[Event "Idaho Scholastic Girls Ch"]
[Site "Boise, ID"]
[Date "2007.02.24"]
[Round "2.1"]
[White "Stojkovska, Iva"]
[Black "Barkell, Erica Dawn"]
[Result "0-1"]
[WhiteElo "635"]
[BlackElo "1325"]

1. e4 e5 2. Bc4 Bc5 3. Nf3 Nc6 4. d3 h6 5. Nc3 Nf6 6. h3 Bb4 7. Bd2 a6 8. Nd5
Bxd2+ 9. Qxd2 Nxd5 10. exd5 Nd4 11. Nxe5 b5 12. Qf4 f6 13. Qxd4 bxc4 14. dxc4
fxe5 15. Qxe5+ Qe7 16. Qxe7+ Kxe7 17. O-O Kf7 18. Rfe1 d6 19. Re4 Rf8 20. Rae1
Kg8 21. Re7 Rf7 22. Re8+ Rf8 23. R8e7 Rf7 24. Re8+ Rf8 25. R8e7 Ra7 26. Re8
Bf5 27. R8e2 Rb7 28. g4 Bg6 29. b3 Rbb8 30. Re6 Rfe8 31. Rxe8+ Rxe8 32. Rxe8+
Bxe8 33. a4 Bg6 34. c3 Bc2 35. b4 Bxa4 36. c5 Bb3 37. Kg2 Bxd5+ 38. Kg3 dxc5
39. bxc5 a5 40. Kf4 a4 41. Ke5 Bg2 42. h4 a3 43. Ke6 a2 44. Kd7 c6 45. g5 a1=Q
46. gxh6 gxh6 47. f3 Qa7+ 48. Kd6 Bxf3 49. h5 Qf7 50. c4 Qf6+ 51. Kc7 Qf7+ 52.
Kb6 Qxc4 53. Kc7 Qxc5 54. Kb7 Qb5+ 55. Kc7 c5 56. Kd6 c4 57. Ke6 Qd5+ 58. Kf6
Bg4 59. Kg6 Qf5+ 60. Kxh6 Qxh5# 0-1

[Event "Idaho Scholastic Girls Ch"]
[Site "Boise, ID"]
[Date "2007.02.24"]
[Round "3.1"]
[White "Barkell, Erica Dawn"]
[Black "Dorman, Kyra"]
[Result "1-0"]
[WhiteElo "1325"]
[BlackElo "712"]

1. e4 e5 2. Nf3 Nf6 3. Nxe5 Qe7 4. d4 Nxe4 5. Bd3 d5 6. Qf3 Be6 7. Bxe4 dxe4
8. Qxe4 Nd7 9. Nxd7 Qxd7 10. O-O O-O-O 11. Rd1 Bd5 12. Qh4 Be7 13. Bg5 f6 14.
Be3 h6 15. Nc3 g5 16. Qh5 f5 17. Nxd5 Qxd5 18. Qe2 Bd6 19. c4 Qf7 20. c5 f4
21. cxd6 Rxd6 22. Qg4+ Kd8 23. Bc1 h5 24. Qxg5+ Rf6 25. Bxf4 Kc8 26. Be5 Rhh6
27. Bxf6 Rxf6 28. Rd2 Rf5 29. Qg3 Qh7 30. Rc1 c6 31. Rc5 Qe7 32. Rd1 h4 33.
Qg4 Kc7 34. Rxf5 Kb6 35. h3 a5 36. d5 Qd6 37. dxc6 Qxd1+ 38. Qxd1 bxc6 39.
Qb3+ Kc7 40. Rf7+ Kd6 41. Qc4 a4 42. Rf6+ Ke5 43. Qxc6 a3 44. Qd6+ Ke4 45.
Re6+ Kf5 46. Qe5# 1-0

[Event "ICA Players Mem-Res."]
[Site "Boise, ID"]
[Date "2011.05.14"]
[Round "1.2"]
[White "Barkell, Erica Dawn"]
[Black "Abernathy, Michaela R"]
[Result "1-0"]
[WhiteElo "1392"]
[BlackElo "1087"]

1. e4 e5 2. Nf3 Nc6 3. Bc4 d6 4. d4 Bg4 5. c3 Nf6 6. d5 Ne7 7. Bd3 c6 8. c4 g6
9. h3 Bxf3 10. Qxf3 Bg7 11. Nc3 O-O 12. h4 Qd7 13. Be2 cxd5 14. cxd5 Nc8 15.
h5 Nb6 16. h6 Bh8 17. Bg5 Ne8 18. Bb5 Qc7 19. Bxe8 Raxe8 20. Bf6 Nd7 21. Bxh8
Kxh8 22. O-O f5 23. g3 Nc5 24. Qe2 Qe7 25. f3 Qg5 26. Qh2 Qf6 27. b4 Na6 28.
a3 g5 29. Rac1 g4 30. fxg4 Qg5 31. gxf5 Qe3+ 32. Qf2 Qxh6 33. Qxa7 Rg8 34. Ne2
Ra8 35. Qxb7 Qe3+ 36. Rf2 Rxg3+ 37. Kf1 Rag8 38. Rc8 Qd3 39. Rxg8+ Rxg8 40.
Rh2 Qf3+ 41. Ke1 h5 42. Qxa6 Qe3 43. Rxh5+ Kg7 44. Qxd6 Kf7 45. Rh7+ Ke8 46.
Qe7# 1-0

[Event "ICA Players Mem-Res."]
[Site "Boise, ID"]
[Date "2011.05.14"]
[Round "2.2"]
[White "Patterson, Kevin R"]
[Black "Barkell, Erica Dawn"]
[Result "1/2-1/2"]
[WhiteElo "1243"]
[BlackElo "1392"]

1. e4 e5 2. Nf3 Nc6 3. Bc4 Bc5 4. b4 Bxb4 5. c3 Ba5 6. d4 exd4 7. Nxd4 Qf6 8.
Be3 d6 9. O-O Ne5 10. Be2 Qg6 11. Qa4+ c6 12. Qxa5 Bh3 13. g3 Bxf1 14. Kxf1
Qxe4 15. Ke1 Kd7 16. Nd2 Nd3+ 17. Bxd3 Qxd3 18. Qf5+ Qxf5 19. Nxf5 g6 20. Bd4
f6 21. Nh4 c5 22. Be3 Re8 23. Rd1 b5 24. Kf1 Kc6 25. Nb3 Re6 26. Ng2 Ne7 27.
f4 Nf5 28. Kf2 h5 29. h4 Ra8 30. Na1 a5 31. Nc2 d5 32. a3 Rd6 33. Nce1 Rb8 34.
Nf3 Rbd8 35. Rc1 Rb8 36. Rb1 {#d} 1/2-1/2

[Event "ICA Players Mem-Res."]
[Site "Boise, ID"]
[Date "2011.05.14"]
[Round "3.2"]
[White "Barkell, Erica Dawn"]
[Black "Finch, Douglas W"]
[Result "0-1"]
[WhiteElo "1392"]
[BlackElo "1371"]

1. e4 c5 2. Nf3 d6 3. c3 g6 4. Bc4 Bh6 5. d4 Bxc1 6. Qxc1 Nc6 7. Qf4 e6 8. Ng5
Qf6 9. Qxf6 Nxf6 10. Bb5 Bd7 11. Nd2 a6 12. Bxc6 Bxc6 13. f3 h6 14. Nh3 cxd4
15. cxd4 O-O 16. g4 Rac8 17. g5 hxg5 18. Nxg5 Bb5 19. a4 Bd3 20. b3 Rc2 21.
Rd1 b5 22. axb5 Bxb5 23. h4 Rfc8 24. Kf2 Rb2 25. Ke3 Nh5 26. Kf2 Rcc2 27. Ke1
Nf4 28. Rh2 Nd3+ 29. Kf1 Ne5+ 30. Kg1 Nd3 31. Nh3 Nc1 32. Nf4 Nxb3 33. Rb1
Nxd2 34. Rxb2 Rxb2 35. h5 Nxf3+ 36. Kh1 Rxh2# 0-1

[Event "ICA Players Mem-Res."]
[Site "Boise, ID"]
[Date "2011.05.15"]
[Round "5.3"]
[White "Lang, Jamie"]
[Black "Barkell, Erica Dawn"]
[Result "0-1"]
[WhiteElo "1337"]
[BlackElo "1392"]

1. e4 e5 2. d4 exd4 3. c3 dxc3 4. Bc4 Nc6 5. Nf3 Be7 6. Qd5 Nh6 7. Bxh6 O-O 8.
Bc1 Nb4 9. Qd1 c2 10. Qd2 cxb1=Q 11. Rxb1 Re8 12. a3 Nc6 13. Qd5 Rf8 14. Bg5
d6 15. Bxe7 Qxe7 16. O-O Ne5 17. Nxe5 Qxe5 18. Qxe5 dxe5 19. b4 Bd7 20. Rfd1
Rfd8 21. Rd5 Bc6 22. Rxe5 Rd4 23. Bd5 Bxd5 24. exd5 Rd8 25. Rbe1 Kf8 26. Re7
R4xd5 27. Rxc7 R5d7 28. Rxd7 Rxd7 29. g3 Rd3 30. Re3 Rxe3 31. fxe3 Ke7 32. Kf2
Ke6 33. Ke2 Ke5 34. Kd3 Kf5 35. h3 Ke5 36. a4 f5 37. a5 g5 38. b5 h5 39. a6 b6
40. h4 gxh4 41. gxh4 Kd5 42. Ke2 Ke4 43. Kf2 f4 44. exf4 Kxf4 45. Kg2 Kg4 46.
Kh2 Kxh4 47. Kg2 Kg4 48. Kh2 Kf4 {#R} 0-1